000 01028nab a22002417a 4500
999 _c6564
_d6564
003 OSt
005 20260224114921.0
008 190506c xxu||||| |||| 00| 0 spa d
040 _cPJ
100 _97141
_aHelver, Carolina Noelí
245 1 0 _aContratación y subcontratación. Art. 30 LCT :
_bactividad normal y específica propia del establecimiento /
_cCarolina Noelí Helver.
260 _aBuenos Aires :
_bAbeledoPerrot,
_c2024.
300 _ap. 6-11
500 _aCita: TR LALEY AR/DOC/1738/2024.
505 _aSumario: I. Introducción.— II. Desarrollo.— III. Conclusión.— IV. Bibliografía.
505 _t¿Te interesa el texto completo? Comunicate al correo: koha@justierradelfuego.gov.ar
650 0 _91316
_aDERECHO LABORAL
650 0 _94951
_aRESPONSABILIDAD SOLIDARIA
650 0 _91383
_aLEY DE CONTRATO DE TRABAJO
650 0 _aSUBCONTRATACION
773 0 _02751
_93202
_dBuenos Aires : AbeledoPerrot, 2013-
_tRevista de derecho laboral y seguridad social. Nº 16 - Agosto 2024
942 _2udc
_cANA